000 01034cam a2200265 a 4500
008
049 _aMAIN
090 _aS621
_bDAM
245 0 0 _aDambo farming in Zimbabwe :
_bwater management, cropping and soil potentials for smallholder farming in the wetlands : conference proceedings /
_ceditors, Richard Owen ... [et al.].
260 _aHarare :
_bUniversity of Zimbabwe,
_c1995.
300 _ax, 194 p. :
_bill., maps ;
_c30 cm.
504 _aIncludes bibliographical references.
650 0 _aIrrigation farming
_zZimbabwe
_xCongresses.
650 0 _aWetlands
_zZimbabwe
_xCongresses.
650 0 _aWater supply, Agricultural
_zZimbabwe
_xCongresses.
650 0 _aSoils
_zZimbabwe
_xCongresses.
700 1 _aOwen, Richard.
710 2 _aCornell International Institute for Food, Agriculture and Development.
710 2 _aUniversity of Zimbabwe.
907 _a.b1017168x
_b26-10-09
_c17-08-05
003
005 20230123124959.0
040 _cNUST
942 _cBOOKS
_kS621
_mDAM
999 _c133614
_d133614